000 00669nam a2200181 i 4500
001 158077
003 ES-MaACL
005 20250907063121.0
008 950412t18991900sp |||| | spa d
040 _aAS
_cCCPB | SIC
_bspa
100 1 _aNavas, Juan Gualberto López Valdemoro de Quesada,
_cConde de las,
_d1855-1935
_985203
245 1 3 _aEl espectáculo más nacional /
_cpor el conde de las Navas.
260 _aMadrid :
_b[s.n.],
_c1899 (
_fEst. tipo-litográfico "Sucesores de Rivadeneyra",
_g1900)
300 _aXVIII, 590 p. ;
_c23 cm.
650 4 _aCorridas de toros.
_911370
852 _aES-MaACL
_jB-1570
_z- Enc. hol.
999 _c158077
_d158077